| 000 | 00440nam a2200157Ia 4500 | ||
|---|---|---|---|
| 005 | 20251020182600.0 | ||
| 008 | 200515s9999 xx 000 0 und d | ||
| 082 | _aSC/331.85:658/036 | ||
| 110 | _aOficina Internacional del Trabajo | ||
| 245 | 0 | _aEl empleo y las multinacionales en las zonas francas de producción para la exportación de Asia | |
| 260 | _aGinebra | ||
| 260 | _c1984 | ||
| 300 | _a60 | ||
| 650 | _aTRABAJO | ||
| 942 | _cLIB | ||
| 999 |
_c3023 _d3023 |
||